[Event "DVM U20w 2013"]
[Site "Osnabrück GER"]
[Date "2013.12.29"]
[Round "6"]
[White "Endress, Anna"]
[Black "Hartewig, Anja"]
[Result "1-0"]
[Termination "normal"]
[Board "1.1"]
[WhiteElo "2138"]
[BlackElo "1819"]
[WhiteTeam "TSV Schott Mainz"]
[BlackTeam "Chemnitzer SC Aufbau`95 2"]
[WhiteFideId "24629472"]
[BlackFideId "12917966"]
[EventCountry "GER"]
[EventRounds "7"]
[EventType "team-swiss"]
[EventDate "2013.12.26"]

1. e4 d6 2. d4 Nf6 3. Nc3 g6 4. Be3 c6 5. f3 Nbd7 6. Qd2 e5 7. g4 Qe7 8. Nge2
Nb6 9. Ng3 Bg7 10. O-O-O Bd7 11. dxe5 dxe5 12. Qf2 Qd8 13. g5 Qc7 14. gxf6 Bxf6
15. Bc5 Nc8 16. h4 b6 17. Be3 a5 18. Qd2 b5 19. Bc5 a4 20. Bxb5 Be7 21. Bxe7
Nxe7 22. Bxa4 Rd8 23. Qd6 Qa5 24. Qf6 Rg8 25. Bb3 Rf8 26. h5 Qc7 27. Qg7 Be6
28. Rxd8+ Qxd8 29. Qxe5 Qc8 30. Rd1 Bd7 31. Qd6 Qb7 32. e5 Qc8 33. Nge4 Nf5 34.
Nf6+ 1-0

[Event "DVM U20w 2013"]
[Site "Osnabrück GER"]
[Date "2013.12.29"]
[Round "6"]
[White "Nitzsche, Pia"]
[Black "Schmalhorst, Sophia"]
[Result "1/2-1/2"]
[Termination "normal"]
[Board "1.2"]
[WhiteElo "1683"]
[BlackElo "1926"]
[WhiteTeam "Chemnitzer SC Aufbau`95 2"]
[BlackTeam "TSV Schott Mainz"]
[WhiteFideId "12900370"]
[BlackFideId "24682497"]
[EventCountry "GER"]
[EventRounds "7"]
[EventType "team-swiss"]
[EventDate "2013.12.26"]

1. c4 e6 2. g3 d5 3. Bg2 Nf6 4. Nf3 Be7 5. O-O O-O 6. b3 c5 7. Bb2 Nc6 8. e3
dxc4 9. bxc4 Qd3 10. Qb3 Rd8 11. Na3 Qxb3 12. axb3 Ne4 13. d4 Na5 14. Nb5 Nxb3
15. Rxa7 Rxa7 16. Nxa7 Bd7 17. Ne5 Ned2 18. Rd1 Ra8 19. Nxd7 Rxa7 20. Ne5 f6
21. Nd7 Nxc4 22. Bc3 b5 23. Nxc5 Nxc5 24. dxc5 Bxc5 25. Rb1 Na3 26. Rb3 Rd7 27.
Bf3 Kf7 28. Be2 Rb7 29. Bb2 Ra7 30. Bxa3 Rxa3 31. Rxa3 Bxa3 32. Bxb5 Bd6
1/2-1/2

[Event "DVM U20w 2013"]
[Site "Osnabrück GER"]
[Date "2013.12.29"]
[Round "6"]
[White "Schwarz, Larissa"]
[Black "Pührer, Anne"]
[Result "1-0"]
[Termination "normal"]
[Board "1.3"]
[WhiteElo "1900"]
[BlackElo "1724"]
[WhiteTeam "TSV Schott Mainz"]
[BlackTeam "Chemnitzer SC Aufbau`95 2"]
[WhiteFideId "24699004"]
[BlackFideId "24692247"]
[EventCountry "GER"]
[EventRounds "7"]
[EventType "team-swiss"]
[EventDate "2013.12.26"]

1. e4 d5 2. exd5 Qxd5 3. Nc3 Qa5 4. d4 Nf6 5. Bc4 Nc6 6. Nge2 Bg4 7. O-O e6 8.
Bf4 Bd6 9. Qd2 Rd8 10. a3 Bxe2 11. Nxe2 Qxd2 12. Bxd2 a6 13. c3 O-O 14. Rad1
Rfe8 15. Bf4 Ne4 16. Bd3 Bxf4 17. Nxf4 Nd6 18. Rfe1 Na5 19. Bc2 Nac4 20. Nd3 b6
21. Re2 Rd7 22. Rde1 Red8 23. b3 Nxa3 24. Ne5 Ndb5 25. Nxd7 Rxd7 26. Bf5 Rd8
27. Re3 Nd6 28. Bd3 Nab5 29. Bxb5 Nxb5 30. Rd3 Kf8 31. Red1 Ke7 32. Kf1 c6 33.
c4 Nc7 34. Ke2 Ne8 35. Re3 Kf8 36. Red3 Ke7 37. Kd2 Nf6 38. f3 Nh5 39. g3 Nf6
40. b4 Ne8 41. Kc3 Nc7 42. Re1 Kf8 43. f4 g6 44. g4 Kg7 45. Rf3 Rd7 46. f5 g5
47. Re5 h6 48. fxe6 Nxe6 49. d5 cxd5 50. cxd5 Nf4 51. Kd4 f6 52. Rf5 Kg6 53.
Re3 h5 54. Rxf4 gxf4 55. gxh5+ Kxh5 56. Re6 f5 57. Rxb6 Kg4 58. Rxa6 f3 59. Ra2
Kf4 60. b5 Re7 61. b6 Re4+ 62. Kc3 Ke3 63. b7 Re8 64. Ra8 Rb8 65. Rxb8 f2 66.
Re8+ Kf4 67. b8=Q+ 1-0

[Event "DVM U20w 2013"]
[Site "Osnabrück GER"]
[Date "2013.12.29"]
[Round "6"]
[White "Fischer, Franziska"]
[Black "Brandl, Lea Maria"]
[Result "0-1"]
[Termination "normal"]
[Board "1.4"]
[WhiteElo "1530"]
[BlackElo "1741"]
[WhiteTeam "Chemnitzer SC Aufbau`95 2"]
[BlackTeam "TSV Schott Mainz"]
[WhiteFideId "12924199"]
[BlackFideId "24693049"]
[EventCountry "GER"]
[EventRounds "7"]
[EventType "team-swiss"]
[EventDate "2013.12.26"]

1. d4 Nf6 2. c4 g6 3. Nc3 d5 4. e3 Bg7 5. Nf3 O-O 6. Bd3 c5 7. O-O a6 8. dxc5
dxc4 9. Bxc4 Qc7 10. Qc2 Rd8 11. b4 b5 12. Bb3 Bf5 13. Qe2 Bd3 14. Qe1 Bxf1 15.
Kxf1 Nc6 16. a3 Rd7 17. Bb2 Rad8 18. Bc2 Ng4 19. g3 Nce5 20. Nxe5 Nxe5 21. Kg2
Rd2 22. Qc1 Ng4 23. Ne4 Bxb2 24. Qxb2 Nxe3+ 25. Kg1 Rxc2 26. Qb3 Qe5 0-1

[Event "DVM U20w 2013"]
[Site "Osnabrück GER"]
[Date "2013.12.29"]
[Round "6"]
[White "Friese, Sarah"]
[Black "Nobis, Anna"]
[Result "1-0"]
[Termination "normal"]
[Board "2.2"]
[WhiteElo "1666"]
[BlackElo "1786"]
[WhiteTeam "Dortmunder Schachverein 1875"]
[BlackTeam "Chemnitzer SC Aufbau`95 1"]
[WhiteFideId "24691950"]
[BlackFideId "1270302"]
[EventCountry "GER"]
[EventRounds "7"]
[EventType "team-swiss"]
[EventDate "2013.12.26"]

1. e4 c5 2. Nf3 Nc6 3. d4 cxd4 4. Nxd4 e5 5. Nb5 d6 6. N1c3 a6 7. Na3 Be7 8.
Nc4 b5 9. Ne3 Nf6 10. Ned5 O-O 11. Be2 Be6 12. Be3 Nd7 13. O-O f5 14. exf5 Bxf5
15. Bg4 Bxg4 16. Qxg4 Nf6 17. Nxf6+ Rxf6 18. Nd5 Rg6 19. Qe4 Rc8 20. Nb6 Rc7
21. Nd5 Rd7 22. Rad1 Bg5 23. f4 exf4 24. Bxf4 Ne7 25. Bxg5 Rxg5 26. Qe6+ Kh8
27. Nxe7 Rxe7 28. Rxd6 Qa8 29. Qh3 Re2 30. g3 g6 31. Rfd1 Qa7+ 32. Kh1 Qb7+ 33.
Kg1 Re7 34. Rd8+ Kg7 35. Qg2 Qc7 36. Qd2 Rge5 37. Rd7 Qc5+ 38. Qf2 Qxf2+ 39.
Kxf2 Kf7 40. Rxe7+ Rxe7 41. Kf3 Rc7 42. c3 Ke7 43. Kf4 Rc5 44. Re1+ Kf7 45. Re5
Rc4+ 46. Ke3 Rc6 47. Rd5 Ke7 48. Rd4 Rc5 49. Rh4 h5 50. Re4+ Kf7 51. Kd4 Rc7
52. Re5 Rd7+ 53. Rd5 Re7 54. Re5 Rd7+ 55. Ke3 Rd1 56. Kf2 Rh1 57. Kg2 Rd1 58.
Re2 Rd3 59. Rc2 Rd5 60. b3 Ke6 61. Kf3 Rf5+ 62. Ke3 Re5+ 63. Kd2 Rg5 64. Kc1
Rc5 65. Kb2 Kd6 66. c4 bxc4 67. bxc4 Rc8 68. Kc3 Kc5 69. Re2 Rf8 70. Re5+ Kd6
71. Ra5 Ra8 72. Kd4 Kc6 73. c5 Rd8+ 74. Kc4 Ra8 75. Ra3 Ra7 76. Rf3 Re7 77.
Rf6+ Kc7 78. Rxa6 Re1 79. Ra3 Re2 80. h4 Rc2+ 81. Kb4 Rb2+ 82. Kc3 Rg2 83. Kd4
Rd2+ 84. Ke5 Rc2 85. Kf6 Rxc5 86. Kxg6 Kb6 87. Rf3 Ra5 88. Rf5 Rxa2 89. Kxh5
Rg2 90. g4 Kc6 91. g5 Kd6 92. g6 Ke6 93. Rg5 1-0

[Event "DVM U20w 2013"]
[Site "Osnabrück GER"]
[Date "2013.12.29"]
[Round "6"]
[White "Kempe, Anne"]
[Black "Hoffmann, Hanna Dorina"]
[Result "1-0"]
[Termination "normal"]
[Board "2.3"]
[WhiteElo "1791"]
[BlackElo "1594"]
[WhiteTeam "Chemnitzer SC Aufbau`95 1"]
[BlackTeam "Dortmunder Schachverein 1875"]
[WhiteFideId "12918083"]
[BlackFideId "12909858"]
[EventCountry "GER"]
[EventRounds "7"]
[EventType "team-swiss"]
[EventDate "2013.12.26"]

1. e4 d6 2. d4 Nf6 3. Nc3 g6 4. Bg5 Bg7 5. e5 dxe5 6. dxe5 Nfd7 7. Nf3 Nxe5 8.
Qxd8+ Kxd8 9. O-O-O+ Bd7 10. Nd5 Nbc6 11. Bb5 Nxf3 12. gxf3 f6 13. Nb4 fxg5 14.
Nxc6+ bxc6 15. Bxc6 Rb8 16. c3 Bf6 17. Bxd7 Rb6 18. Ba4+ Rd6 19. Rhe1 Kc8 20.
Rxd6 exd6 21. Bc6 a5 22. Re4 Kb8 23. Rc4 Ka7 24. Bd5 c5 25. Re4 Be5 26. h4 Rf8
27. hxg5 Rf4 28. Re2 Rh4 29. Kc2 Rf4 30. Bg8 Rxf3 31. Bxh7 Rf5 32. Bxg6 Rxg5
33. Be4 Rh5 34. Kd3 Kb6 35. Ke3 Rh3+ 36. f3 Kb5 37. Rg2 Rg3 38. Rxg3 Bxg3 39.
f4 Bh4 40. Bd5 c4 41. Ke4 Kc5 42. Be6 Bd8 43. Kf5 d5 44. Kg6 d4 45. cxd4+ Kxd4
46. f5 a4 47. f6 Bxf6 48. Kxf6 a3 49. bxa3 1-0

[Event "DVM U20w 2013"]
[Site "Osnabrück GER"]
[Date "2013.12.29"]
[Round "6"]
[White "Finke, Lara"]
[Black "Ferrenberg, Lydia"]
[Result "0-1"]
[Termination "normal"]
[Board "2.4"]
[WhiteElo "1664"]
[BlackElo "1601"]
[WhiteTeam "Dortmunder Schachverein 1875"]
[BlackTeam "Chemnitzer SC Aufbau`95 1"]
[WhiteFideId "12909874"]
[BlackFideId "12931608"]
[EventCountry "GER"]
[EventRounds "7"]
[EventType "team-swiss"]
[EventDate "2013.12.26"]

1. e4 d6 2. Nf3 Nf6 3. Nc3 g6 4. Bc4 Bg7 5. O-O O-O 6. d3 c6 7. h3 b5 8. Bb3
Nbd7 9. Be3 h6 10. Qd2 Kh7 11. a3 Bb7 12. Ne2 a6 13. Rac1 e5 14. Qe1 d5 15.
exd5 cxd5 16. Bd2 a5 17. Ng3 e4 18. dxe4 Nxe4 19. Rb1 Ndc5 20. Ba2 Re8 21. Qd1
Nxd2 22. Qxd2 Re7 23. c3 Rd7 24. Nd4 Qb6 25. Nge2 Ne4 26. Qd3 b4 27. Rfe1 Nc5
28. Qd1 Ba6 29. Bb3 bxa3 30. bxa3 Qc6 31. Bc2 Re7 32. Qd2 Ne4 33. Bxe4 dxe4 34.
Qe3 Rae8 35. Rbc1 Qd6 36. Ra1 Be5 37. Red1 Qc7 38. Rab1 Bd6 39. Ra1 f5 40. Qd2
Bh2+ 41. Kf1 e3 42. fxe3 Rxe3 43. Re1 Qf4+ 44. Nf3 Rxf3+ 0-1

[Event "DVM U20w 2013"]
[Site "Osnabrück GER"]
[Date "2013.12.29"]
[Round "6"]
[White "Polert, Annika"]
[Black "Eue, Vicky"]
[Result "1-0"]
[Termination "normal"]
[Board "3.1"]
[WhiteElo "1834"]
[BlackElo "1646"]
[WhiteTeam "TuRa Harksheide von 1945 Norderstedt e. V."]
[BlackTeam "Leegebrucher Schachfreunde"]
[WhiteFideId "24692328"]
[BlackFideId "12945838"]
[EventCountry "GER"]
[EventRounds "7"]
[EventType "team-swiss"]
[EventDate "2013.12.26"]

1. c4 e5 2. Nc3 Nf6 3. g3 d5 4. cxd5 Nxd5 5. Bg2 Nxc3 6. bxc3 g6 7. Nf3 Bg7 8.
Ba3 Nc6 9. O-O e4 10. Ne1 f5 11. Qc2 Be6 12. d3 exd3 13. exd3 Qd7 14. Rb1 O-O-O
15. Qb2 b6 16. Nc2 Bd5 17. Bxd5 Qxd5 18. d4 f4 19. f3 Qg5 20. Qb5 Qxb5 21. Rxb5
fxg3 22. hxg3 a6 23. Rg5 Bh6 24. Rg4 Na5 25. Be7 Rde8 26. Bf6 Rhf8 27. Be5 Nc4
28. f4 Rf7 29. Re1 Bf8 30. Nb4 Bxb4 31. cxb4 Rfe7 32. Rh4 h5 33. Rh2 Kd7 34.
Rc2 b5 35. a4 c6 36. axb5 cxb5 37. Ra2 Ra8 38. Rea1 Nxe5 39. dxe5 Re6 40. Rd2+
Ke7 41. Rad1 Ra7 42. Rd3 Rc7 43. Kg2 Kf7 44. Kh3 Rce7 45. Kh4 Kg7 46. Rd8 Kh6
47. Rh8+ Rh7 48. Rxh7+ Kxh7 49. Rd6 Re7 50. Rxa6 Rb7 51. Kg5 Kg7 52. Rxg6+ 1-0

[Event "DVM U20w 2013"]
[Site "Osnabrück GER"]
[Date "2013.12.29"]
[Round "6"]
[White "Rosmait, Emily"]
[Black "Sauer, Annika"]
[Result "1-0"]
[Termination "normal"]
[Board "3.3"]
[WhiteElo "1715"]
[BlackElo "1350"]
[WhiteTeam "TuRa Harksheide von 1945 Norderstedt e. V."]
[BlackTeam "Leegebrucher Schachfreunde"]
[WhiteFideId "12937754"]
[BlackFideId "12952052"]
[EventCountry "GER"]
[EventRounds "7"]
[EventType "team-swiss"]
[EventDate "2013.12.26"]

1. e4 e5 2. Nf3 Nc6 3. Bb5 Nge7 4. O-O g6 5. Re1 Bg7 6. c3 a6 7. Ba4 O-O 8. d4
d6 9. h3 Bd7 10. Be3 Nc8 11. Nbd2 Nb6 12. Bb3 Na5 13. Bc2 Nbc4 14. Nxc4 Nxc4
15. Bc1 Qe7 16. b3 Nb6 17. Qe2 Rfe8 18. Ba3 Qd8 19. Rad1 exd4 20. cxd4 Bb5 21.
Qd2 Nd7 22. Bb2 Nf6 23. Bb1 Rc8 24. a4 Bd7 25. d5 h6 26. e5 Nh7 27. e6 fxe6 28.
Bxg6 Re7 29. Bxg7 Kxg7 30. Bxh7 Kxh7 31. Nh4 e5 32. Qd3+ Kg8 33. Re3 Rg7 34.
Nf5 Bxf5 35. Qxf5 Kh8 36. Rf3 Qg8 37. g3 Rg5 38. Qf6+ Qg7 39. Qf7 Qxf7 40. Rxf7
Rg7 41. Rf6 Kh7 42. Rc1 Rg6 43. Rf7+ Rg7 44. Rf6 Rg6 45. Rf7+ Rg7 46. Rf5 Rg5
47. Rf7+ Rg7 48. Rf3 Kg6 49. Rc4 h5 50. Kg2 Rf7 51. Rxf7 Kxf7 52. a5 c5 53. Kf3
Kg6 54. Ke3 Rf8 55. Re4 Rf5 56. b4 cxb4 57. Rxb4 Rf7 58. Rb6 Rd7 59. Ke4 Kg5
60. f3 Kg6 61. h4 Kf6 62. g4 hxg4 63. fxg4 Kg6 64. g5 Kg7 65. Kf5 Kf7 66. h5
Ke8 67. g6 Kf8 68. h6 Kg8 69. Ke6 1-0

[Event "DVM U20w 2013"]
[Site "Osnabrück GER"]
[Date "2013.12.29"]
[Round "6"]
[White "Wolff, Marie Antoinette"]
[Black "Schramm, Anna-Lena"]
[Result "1-0"]
[Termination "normal"]
[Board "3.4"]
[WhiteElo "1406"]
[BlackElo "1434"]
[WhiteTeam "Leegebrucher Schachfreunde"]
[BlackTeam "TuRa Harksheide von 1945 Norderstedt e. V."]
[WhiteFideId "12908258"]
[BlackFideId "12918237"]
[EventCountry "GER"]
[EventRounds "7"]
[EventType "team-swiss"]
[EventDate "2013.12.26"]

1. c4 e5 2. Nc3 Nc6 3. d3 Bb4 4. Nf3 Nf6 5. g3 O-O 6. Bg2 d5 7. cxd5 Nxd5 8.
Bd2 Bc5 9. Nxe5 Nxe5 10. Nxd5 Be6 11. Nc3 Ng4 12. O-O Qf6 13. Ne4 Qe5 14. Bc3
Qh5 15. Nxc5 Rab8 16. Nxe6 fxe6 17. Bh3 Qg5 18. Qc1 Qg6 19. Bd4 Rf7 20. Bxa7
Rbf8 21. Bxg4 Qxg4 22. Bc5 Rd8 23. Qc4 Qf5 24. Qe4 Qxc5 25. Qxe6 Rd6 26. Qc8+
Rf8 27. Qxb7 Rdf6 28. Qg2 Qc2 29. Rac1 Qxb2 30. Rxc7 Qxe2 31. Qb7 Rg6 32. Qb3+
Kh8 33. a4 Rgf6 34. Rc2 Qe5 35. Qb5 Qd6 36. a5 Rf5 37. Qc6 Qxd3 38. Ra1 Qd4 39.
Qc3 Qa7 40. Qe3 Qa6 41. Qb6 Ra8 42. Qxa6 Rxa6 43. Rc8+ 1-0

[Event "DVM U20w 2013"]
[Site "Osnabrück GER"]
[Date "2013.12.29"]
[Round "6"]
[White "Manusina, Nicole"]
[Black "Wilke, Tabea"]
[Result "1-0"]
[Termination "normal"]
[Board "4.1"]
[WhiteElo "1827"]
[BlackElo "1748"]
[WhiteTeam "SK Lehrte"]
[BlackTeam "SC 1979 Hattersheim"]
[WhiteFideId "24657514"]
[BlackFideId "12910015"]
[EventCountry "GER"]
[EventRounds "7"]
[EventType "team-swiss"]
[EventDate "2013.12.26"]

1. d4 d5 2. c4 e6 3. Nc3 Nf6 4. cxd5 exd5 5. Bg5 c6 6. Qc2 Nbd7 7. e3 Be7 8.
Bd3 O-O 9. Nf3 Re8 10. O-O Nf8 11. Rab1 Ne4 12. Bxe7 Qxe7 13. b4 Rb8 14. b5
Nxc3 15. Qxc3 Bd7 16. Ne5 Rec8 17. bxc6 Be8 18. Rfc1 Ne6 19. Qa5 b6 20. Qxd5
Rc7 21. Qe4 Nf8 22. d5 Rd8 23. Nc4 1-0

[Event "DVM U20w 2013"]
[Site "Osnabrück GER"]
[Date "2013.12.29"]
[Round "6"]
[White "Rosmanitz, Anna"]
[Black "Böhm, Jana"]
[Result "0-1"]
[Termination "normal"]
[Board "4.2"]
[WhiteElo "1631"]
[BlackElo "1705"]
[WhiteTeam "SC 1979 Hattersheim"]
[BlackTeam "SK Lehrte"]
[WhiteFideId "12910058"]
[BlackFideId "24661589"]
[EventCountry "GER"]
[EventRounds "7"]
[EventType "team-swiss"]
[EventDate "2013.12.26"]

1. e4 e6 2. d4 d5 3. Nd2 Nf6 4. e5 Nfd7 5. Bd3 c5 6. c3 Nc6 7. Ngf3 Qb6 8. O-O
cxd4 9. cxd4 Nxd4 10. Nxd4 Qxd4 11. Nf3 Qb6 12. Qa4 Qb4 13. Qc2 Nc5 14. Qe2
Nxd3 15. Qxd3 Bd7 16. Qe3 Bc5 17. Qg5 O-O 18. Qh5 Qe4 19. Qh3 Rac8 20. Re1 Qf5
21. Qh4 Rfe8 22. Be3 Bxe3 23. Rxe3 Rc4 24. Nd4 Qc2 25. Nxc2 Rxh4 26. Rd1 Rc4
27. Nd4 Rec8 28. Kf1 Rc1 29. Ke1 Rxd1+ 30. Kxd1 Rc4 31. Rd3 f6 32. b3 Rc5 33.
f4 Kf7 34. Rf3 a5 35. a3 a4 36. b4 Rc4 37. Rd3 Ke7 38. Kd2 Be8 39. g3 fxe5 40.
fxe5 Bg6 41. Nb5 Bxd3 42. Kxd3 Re4 43. Nd6 Rxe5 44. Nxb7 Re1 45. Nc5 Ra1 46. b5
Rxa3+ 47. Kc2 Kd6 48. Nb7+ Kc7 49. Nc5 e5 50. b6+ Kxb6 51. Nd7+ Kb5 52. Nxe5
Ra2+ 53. Kc3 Rxh2 0-1

[Event "DVM U20w 2013"]
[Site "Osnabrück GER"]
[Date "2013.12.29"]
[Round "6"]
[White "Schulze, Lara"]
[Black "Neisius, Laura"]
[Result "1-0"]
[Termination "normal"]
[Board "4.3"]
[WhiteElo "1759"]
[BlackElo "1315"]
[WhiteTeam "SK Lehrte"]
[BlackTeam "SC 1979 Hattersheim"]
[WhiteFideId "12956830"]
[BlackFideId "12910040"]
[EventCountry "GER"]
[EventRounds "7"]
[EventType "team-swiss"]
[EventDate "2013.12.26"]

1. d4 e6 2. c4 d5 3. Nc3 Nf6 4. Nf3 c6 5. Bf4 Bd6 6. Bg3 O-O 7. e3 Be7 8. Bd3
dxc4 9. Bxc4 b5 10. Bd3 Bb7 11. Rc1 Nbd7 12. O-O a6 13. Ne4 Nd5 14. Nd6 Bxd6
15. Bxd6 Re8 16. e4 Ne7 17. Ne5 Nxe5 18. dxe5 Ng6 19. Bb1 Qg5 20. Rc5 Nh4 21.
g3 Ng6 22. f4 Qd8 23. Qe2 Qb6 24. Qf2 Bc8 25. Rfc1 Bd7 26. R5c3 Qxf2+ 27. Kxf2
h5 28. Rd1 Ne7 29. Bc5 Bc8 30. Bxe7 Rxe7 31. Rd8+ Kh7 32. Rxc6 Bb7 33. Rxa8
Bxa8 34. Rxa6 Re8 35. Rb6 Rc8 36. Rxb5 Rc1 37. Bd3 Rh1 38. h4 Rh2+ 39. Ke3 Rh1
40. Ke2 Rh2+ 41. Kf3 Rh1 42. Rb3 Bc6 43. Rc3 Be8 44. Rc8 Bd7 45. Rc7 Ba4 46. b3
Be8 47. Re7 Bc6 48. Rxf7 Rd1 49. Bc4 Rd4 50. Bxe6 Bxe4+ 51. Ke3 Rb4 52. a3 Rb6
53. Kxe4 Rxe6 54. Rb7 1-0

[Event "DVM U20w 2013"]
[Site "Osnabrück GER"]
[Date "2013.12.29"]
[Round "6"]
[White "Goldhausen, Nina"]
[Black "Dannenberg, Nicole"]
[Result "0-1"]
[Termination "normal"]
[Board "4.4"]
[WhiteElo "1078"]
[BlackElo "1161"]
[WhiteTeam "SC 1979 Hattersheim"]
[BlackTeam "SK Lehrte"]
[WhiteFideId "12927309"]
[BlackFideId "1270508"]
[EventCountry "GER"]
[EventRounds "7"]
[EventType "team-swiss"]
[EventDate "2013.12.26"]

1. c4 c5 2. Nc3 Nc6 3. Nf3 g6 4. g3 Bg7 5. Bg2 e5 6. d3 h6 7. O-O Nge7 8. Bd2
O-O 9. Qc1 Kh7 10. e4 d6 11. a3 Be6 12. Nd5 Qd7 13. Nxe7 Nxe7 14. Be3 Bh3 15.
b4 Bxg2 16. Kxg2 b6 17. b5 f5 18. Re1 f4 19. Bd2 Qg4 20. Qd1 g5 21. h3 Qe6 22.
g4 Qf7 23. Rh1 Bf6 24. Kf1 Kg7 25. Ke2 Rh8 26. Bc3 Rh7 27. Rh2 Rah8 28. Qc2 Ng6
29. Rah1 Qe7 30. Qd1 Kf8 31. Qc1 h5 32. Qg1 Ke8 33. Bb2 Kd8 34. Kd2 hxg4 35.
hxg4 Nh4 36. Nxh4 Rxh4 37. Rxh4 Rxh4 38. Rxh4 gxh4 39. f3 h3 40. Qh2 Qh7 41.
Ke2 Kc7 42. Bc3 Kb7 43. Kd1 a6 44. a4 Qh4 45. Be1 Qh7 46. Kc1 Bh4 47. Kd1 Bg3
48. Qg1 h2 49. Qh1 Qh4 50. Bd2 Bf2 51. Ke2 Be3 52. Be1 Qh6 53. Bf2 axb5 54.
axb5 Kc7 55. Ke1 Kd7 56. Ke2 Ke7 57. Ke1 Kf6 58. Ke2 Kg5 59. Ke1 Bxf2+ 60. Kxf2
Qh4+ 61. Kf1 Qh3+ 62. Ke2 Qg3 63. Kf1 Kh4 64. Qg2 Qh3 0-1

[Event "DVM U20w 2013"]
[Site "Osnabrück GER"]
[Date "2013.12.29"]
[Round "6"]
[White "Bork, Sophie"]
[Black "Stoll, Katja"]
[Result "0-1"]
[Termination "normal"]
[Board "5.1"]
[WhiteElo "1542"]
[BlackElo "1855"]
[WhiteTeam "Schachverein Welper 1922 e.V."]
[BlackTeam "SC Bechhofen 1923 e.V."]
[WhiteFideId "12905429"]
[BlackFideId "1271730"]
[EventCountry "GER"]
[EventRounds "7"]
[EventType "team-swiss"]
[EventDate "2013.12.26"]

1. e4 e5 2. Bc4 Nf6 3. d3 c6 4. Nf3 d5 5. exd5 cxd5 6. Bb5+ Bd7 7. Bxd7+ Nbxd7
8. O-O Bd6 9. Re1 O-O 10. Bg5 Qc7 11. h3 Rac8 12. c3 Rfe8 13. Nbd2 h6 14. Bxf6
Nxf6 15. Re2 Re7 16. Qb3 Rce8 17. Rae1 Kh8 18. Rd1 Nh5 19. g3 Nf6 20. Rde1 Qd7
21. Kg2 a6 22. a3 Bb8 23. Qc2 Ng8 24. Nb3 f5 25. Nh4 Qe6 26. Nf3 Qf7 27. Qd2 e4
28. dxe4 dxe4 29. Nfd4 f4 30. gxf4 Bxf4 31. Qc2 Qg6+ 32. Kf1 Qh5 33. Kg2 Qg5+
34. Kf1 Bh2 35. Re3 Nf6 36. c4 Nh5 37. Ke2 Nf4+ 38. Kd1 Ng2 39. R3e2 Nxe1 40.
Rxe1 e3 41. fxe3 Rxe3 0-1

[Event "DVM U20w 2013"]
[Site "Osnabrück GER"]
[Date "2013.12.29"]
[Round "6"]
[White "Schäfer, Ann-Kathrin"]
[Black "Venjakob, Alina"]
[Result "1-0"]
[Termination "normal"]
[Board "5.2"]
[WhiteElo "1710"]
[BlackElo "1412"]
[WhiteTeam "SC Bechhofen 1923 e.V."]
[BlackTeam "Schachverein Welper 1922 e.V."]
[WhiteFideId "24615412"]
[BlackFideId "12964492"]
[EventCountry "GER"]
[EventRounds "7"]
[EventType "team-swiss"]
[EventDate "2013.12.26"]

1. d4 d5 2. e4 dxe4 3. Nc3 Bf5 4. f3 exf3 5. Nxf3 Nf6 6. Bc4 e6 7. O-O Bd6 8.
Bg5 Nbd7 9. Qe2 O-O 10. Ne5 Be7 11. Qf2 h6 12. Be3 c6 13. h3 Qc7 14. Bf4 Bd6
15. Rae1 Rad8 16. Re3 b5 17. Bb3 a5 18. a4 b4 19. Nb1 Rfe8 20. Nxf7 Kxf7 21.
Bxd6 Qxd6 22. Qxf5 Qxd4 23. Bxe6+ Rxe6 24. Qxe6+ Kf8 25. Qe7+ Kg8 26. Qxd8+ Kh7
27. Qe7 1-0

[Event "DVM U20w 2013"]
[Site "Osnabrück GER"]
[Date "2013.12.29"]
[Round "6"]
[White "Hütte, Sarah"]
[Black "Alsheimer, Lea"]
[Result "1/2-1/2"]
[Termination "normal"]
[Board "5.3"]
[WhiteElo "1305"]
[BlackElo "1406"]
[WhiteTeam "Schachverein Welper 1922 e.V."]
[BlackTeam "SC Bechhofen 1923 e.V."]
[WhiteFideId "12929611"]
[BlackFideId "12918180"]
[EventCountry "GER"]
[EventRounds "7"]
[EventType "team-swiss"]
[EventDate "2013.12.26"]

1. e4 c5 2. Nc3 g6 3. Nf3 Bg7 4. Bc4 d6 5. d4 cxd4 6. Nxd4 Nf6 7. O-O O-O 8.
Be3 Nc6 9. Qd2 Bd7 10. Bb5 Nxd4 11. Bxd7 Nxc2 12. Qxc2 Qxd7 13. Qd2 Ng4 14. Bd4
Nf6 15. Rac1 b6 16. h3 Qb7 17. f3 Rac8 18. Rc2 Rc4 19. Bf2 Rfc8 20. Rfc1 R8c7
21. Nb5 Rxc2 22. Rxc2 Rxc2 23. Qxc2 Qa6 24. a4 Nd7 25. b4 Qb7 26. Bh4 a6 27.
Qc7 Qxc7 28. Nxc7 a5 29. bxa5 bxa5 30. Bxe7 Be5 31. Nb5 1/2-1/2

[Event "DVM U20w 2013"]
[Site "Osnabrück GER"]
[Date "2013.12.29"]
[Round "6"]
[White "Böse, Carolin"]
[Black "Marx, Jasmin"]
[Result "0-1"]
[Termination "normal"]
[Board "5.4"]
[WhiteElo "1318"]
[BlackElo "1250"]
[WhiteTeam "SC Bechhofen 1923 e.V."]
[BlackTeam "Schachverein Welper 1922 e.V."]
[WhiteFideId "12929646"]
[BlackFideId "12929620"]
[EventCountry "GER"]
[EventRounds "7"]
[EventType "team-swiss"]
[EventDate "2013.12.26"]

1. f4 d5 2. e3 Nf6 3. Nf3 Bf5 4. b3 e6 5. Bb2 Nbd7 6. Be2 Bd6 7. O-O Qe7 8. Ne5
h6 9. a4 O-O-O 10. Bd4 Bc5 11. c3 Rdg8 12. b4 Bxd4 13. cxd4 g5 14. Na3 gxf4 15.
Rxf4 Rg7 16. Rc1 Rhg8 17. Bf1 Be4 18. Rf2 Nxe5 19. dxe5 Ng4 20. Re2 Nxe5 21.
Nb5 c6 22. Nc3 Bd3 23. Rf2 Qh4 24. g3 Qg5 25. Bh3 Kb8 26. Bg2 Bf5 27. Ra1 h5
28. Kh1 h4 29. gxh4 Qxh4 30. Qe2 Ng4 31. Bf3 0-1

[Event "DVM U20w 2013"]
[Site "Osnabrück GER"]
[Date "2013.12.29"]
[Round "6"]
[White "Krtschil, Anna"]
[Black "Evers, Annika"]
[Result "0-1"]
[Termination "normal"]
[Board "6.1"]
[WhiteElo "1445"]
[BlackElo "1780"]
[WhiteTeam "SG Burgtonna"]
[BlackTeam "SC Leipzig-Lindenau"]
[WhiteFideId "4611144"]
[BlackFideId "24691933"]
[EventCountry "GER"]
[EventRounds "7"]
[EventType "team-swiss"]
[EventDate "2013.12.26"]

1. e4 c5 2. Nf3 e6 3. d4 cxd4 4. Nxd4 Nf6 5. Nc3 Nc6 6. Be2 Bb4 7. Qd3 d5 8.
exd5 Nxd5 9. Nxc6 bxc6 10. Bd2 Qf6 11. O-O Nxc3 12. Bxc3 Bxc3 13. Qxc3 Qxc3 14.
bxc3 Ke7 15. Bf3 Bd7 16. Rab1 Rab8 17. Rb3 Rb6 18. Rfb1 Rhb8 19. c4 c5 20. Kf1
Ba4 21. Rxb6 Rxb6 22. Rxb6 axb6 23. c3 Kd6 24. Ke2 Bc6 25. Bxc6 Kxc6 26. Kd3 f6
27. g3 g6 28. f3 h5 29. Ke4 Kd6 30. h3 e5 31. g4 h4 32. Ke3 f5 33. gxf5 gxf5
34. Kd3 Kc6 35. Kc2 Kb7 36. Kb2 Ka6 37. Kc1 Ka5 38. Kc2 Ka4 39. Kb2 e4 40. fxe4
fxe4 41. Kc2 Ka3 42. Kd2 Kxa2 43. Ke2 e3 0-1

[Event "DVM U20w 2013"]
[Site "Osnabrück GER"]
[Date "2013.12.29"]
[Round "6"]
[White "Spangenberg, Romy"]
[Black "Halle, Julia"]
[Result "1-0"]
[Termination "normal"]
[Board "6.2"]
[WhiteElo "1788"]
[BlackElo "1403"]
[WhiteTeam "SC Leipzig-Lindenau"]
[BlackTeam "SG Burgtonna"]
[WhiteFideId "4627997"]
[BlackFideId "24694940"]
[EventCountry "GER"]
[EventRounds "7"]
[EventType "team-swiss"]
[EventDate "2013.12.26"]

1. e4 d6 2. d4 Nf6 3. Nc3 g6 4. Nf3 Bg7 5. Be3 O-O 6. Qd2 a6 7. Bh6 c5 8. Bxg7
Kxg7 9. Rd1 cxd4 10. Nxd4 Nbd7 11. Be2 Qa5 12. h4 Nc5 13. Nb3 Nxb3 14. axb3 Qc5
15. h5 Ng4 16. Bxg4 Bxg4 17. hxg6 fxg6 18. Qh6+ Kf7 19. Rd5 1-0